000 01102nam a22002655i 4500
001 162692
003 ES-MaACL
005 20250907063124.0
008 050705s1761 it |||| | ita d
040 _aCAM
_bspa
_cCAM
100 1 _aPufendorf, Samuel,
_cFreiherr von,
_d1632-1694
_9131409
245 1 1 _aI doveri dell'uomo e del cittadino
_b: tali che a lui dalla legge naturale sono prescritti /
_cdi Samuele B. di Pufendorf; dalla versione francese di Giovanni Barbeyrac; tradotti e con molte aggiunte corretti ed illustrati da Michele Grandi ; tomo primo.
260 _aIn Venezia :
_bappresso Francesco Pitteri,
_c1761.
300 _aXXII, [2], 380 p. ;
_c4º.
597 _aSign.: [*]-3*4, A-2Z4, 3A6.
597 _aTexto a dos col.
597 _aAntep.
597 _aPort. con grab. xil. alegórico.
650 7 _aDerecho natural
_2embne
_911744
700 1 _aBarbeyrac, Jean.
_9125802
700 1 _aBrandi, Michele.
_9126145
852 _aES-MaACL
_jR-1119-21
_z-- Enc. perg. con cierres de cuero
_x-- Olim: G-9961-3
999 _c162692
_d162692